Ajax, Feyenoord or PSV players (2000-) - Statistics

General Stats
  • This quiz has been taken 38 times
    13 since last reset
  • The average score is 156 of 786
Answer Stats
Ranking Player Positions Nationality Matches Goals (assists) Periods Clubs % Correct
370 Marcus Berg ST 36 9 (4) 2010-2011
100%
431 Peter van den Berg CB 28 1 (1) 2003-2004
100%
4 Daley Blind CB 290 11 (18) 2008-2009, 2010-2014, 2018-2023
86%
54 David Neres RW 155 43 (37) 2016-2022
86%
24 Dušan Tadić RW 207 90 (98) 2018-2023
86%
88 Edson Álvarez DM 130 12 (6) 2019-2023
86%
233 Frenkie de Jong CM 72 4 (12) 2016-2019
86%
10 Georginio Wijnaldum CM 247 71 (25) 2006-2015
86%
50 Guus Til AM 158 44 (30) 2021-2025
86%
69 Hakim Ziyech RW 143 45 (67) 2016-2020
86%
134 Ji-sung Park AM 110 16 (15) 2002-2004, 2013-2014
86%
100 John de Jong AM 123 23 (21) 2000-2001, 2003-2005
86%
25 Klaas-Jan Huntelaar ST 207 133 (36) 2002-2003, 2005-2008, 2017-2021
86%
586 Krisztián Simon RW 8 0 (0) 2010-2011
86%
3 Luuk de Jong ST 296 166 (81) 2014-2018, 2022-2025
86%
164 Matthijs de Ligt CB 97 10 (5) 2016-2019
86%
98 Nigel de Jong DM 124 13 (4) 2002-2006
86%
7 Siem de Jong AM 257 71 (40) 2007-2013, 2016-2017, 2019-2020
86%
79 Stefan de Vrij CB 135 6 (3) 2009-2014
86%
28 Timmy Simons DM 198 16 (7) 2005-2010
86%
345 Xavi Simons AM 41 20 (9) 2022-2023
86%
165 Zlatan Ibrahimović ST 97 43 (16) 2001-2005
86%
31 André Onana GK 189 0 (1) 2016-2022
71%
228 Antony RW 74 21 (18) 2020-2023
71%
242 Arjen Robben RW 68 20 (21) 2002-2004
71%
74 Christian Eriksen CM 139 28 (59) 2009-2014
71%
89 Cody Gakpo LW 129 45 (43) 2017-2023
71%
332 Davinson Sánchez CB 44 6 (2) 2016-2017
71%
1 Davy Klaassen CM 318 92 (45) 2011-2016, 2020-2025
71%
36 Dirk Kuyt RW 182 107 (56) 2003-2005, 2015-2017
71%
60 Donny van de Beek CM 149 34 (29) 2015-2020
71%
180 Giovanni van Bronckhorst LB 93 9 (15) 2007-2010
71%
112 Igor Paixão LW 118 36 (29) 2022-2025
71%
33 Jan Vertonghen CB 189 24 (9) 2006-2012
71%
95 Jasper Cillessen GK 125 0 (1) 2011-2017
71%
101 Jeremain Lens RW 122 39 (38) 2010-2013
71%
38 Johnny Heitinga CB 180 18 (3) 2001-2007, 2015-2016
71%
43 Jordy Clasie DM 170 9 (25) 2011-2014, 2018-2019
71%
466 Jorge Sánchez RB 22 2 (3) 2022-2023
71%
138 Jurrien Timber RB 107 6 (4) 2019-2023
71%
85 Justin Bijlow GK 132 0 (0) 2017-2025
71%
306 Justin Kluivert AM 50 12 (10) 2016-2018
71%
154 Kasper Dolberg ST 100 39 (13) 2016-2020
71%
511 Lesly de Sa RW 16 1 (1) 2012-2014
71%
81 Luis Suárez ST 134 89 (63) 2007-2011
71%
8 Maarten Stekelenburg GK 256 0 (1) 2002-2010, 2020-2022
71%
244 Malik Tillman AM 68 24 (17) 2023-2025
71%
21 Mark van Bommel CM 209 51 (48) 2000-2004, 2012-2013
71%
141 Memphis Depay ST 106 43 (18) 2011-2015
71%
210 Mohammed Kudus RW 79 22 (11) 2020-2024
71%
258 Noa Lang LW 64 20 (15) 2018-2020, 2023-2025
71%
489 Patrick Kluivert ST 19 3 (3) 2006-2007
71%
103 Phillip Cocu DM 121 27 (24) 2004-2007
71%
181 Quinten Timber CM 93 16 (12) 2022-2025
71%
133 Robin van Persie ST 110 35 (16) 2001-2003, 2017-2019
71%
184 Ryan Gravenberch DM 92 8 (13) 2018-2022
71%
238 Sergiño Dest RB 70 2 (13) 2019-2020, 2023-2025
71%
643 Stefano Seedorf CM 5 0 (0) 2001-2003
71%
2 Steven Berghuis RW 310 105 (95) 2016-2025
71%
48 Toby Alderweireld CB 162 12 (9) 2008-2014
71%
57 Wesley Sneijder AM 153 46 (44) 2002-2007
71%
417 Wout Weghorst ST 29 11 (2) 2024-2025
71%
13 André Ooijer CB 238 20 (16) 2000-2005, 2009-2012
57%
163 Andrés Guardado CM 97 4 (22) 2014-2017
57%
249 Arkadiusz Milik ST 66 37 (16) 2014-2016
57%
208 Bertrand Traoré RW 79 22 (12) 2016-2017, 2024-2025
57%
392 Calvin Bassey CB 33 1 (5) 2022-2023
57%
545 Chun-soo Lee CF 12 0 (0) 2007-2008
57%
219 Dries Mertens CF 76 41 (39) 2011-2013
57%
448 Edgar Davids CM 25 1 (5) 2006-2008
57%
46 Gregory van der Wiel RB 165 13 (16) 2006-2013
57%
223 Héctor Moreno CB 75 12 (1) 2015-2017
57%
44 Heurelho Gomes GK 168 0 (1) 2004-2008
57%
136 Hirving Lozano LW 108 46 (28) 2017-2019, 2023-2025
57%
26 Ibrahim Afellay AM 200 36 (26) 2003-2010, 2019-2020
57%
130 Ibrahim Sangaré DM 111 11 (7) 2020-2024
57%
269 Jerdy Schouten DM 61 6 (2) 2023-2025
57%
41 Jetro Willems CB 173 11 (29) 2011-2017
57%
126 Johan Bakayoko RW 113 30 (17) 2021-2025
57%
312 Jordan Henderson DM 49 1 (8) 2023-2025
57%
172 Jorrel Hato LB 96 3 (9) 2022-2025
57%
17 Jorrit Hendrix DM 223 9 (17) 2013-2022
57%
239 Josip Sutalo CB 70 3 (0) 2023-2025
57%
65 Kenneth Taylor CM 147 31 (19) 2020-2025
57%
11 Kenneth Vermeer GK 241 0 (1) 2006-2007, 2008-2020
57%
9 Lasse Schöne DM 250 57 (50) 2012-2019
57%
420 Lassina Traoré ST 29 10 (9) 2018-2021
57%
153 Lisandro Martínez CB 101 6 (6) 2019-2022
57%
261 Mario Götze AM 64 12 (15) 2020-2022
57%
49 Mateja Kežman ST 162 118 (22) 2000-2004
57%
70 Mauro Júnior LB 142 6 (16) 2017-2018, 2020-2025
57%
66 Nicolás Tagliafico LB 146 13 (18) 2017-2022
57%
102 Noussair Mazraoui RB 121 9 (6) 2017-2022
57%
59 Orkun Kökçü CM 152 29 (26) 2018-2023
57%
361 Owen Wijndal LB 38 0 (3) 2022-2025
57%
72 Rafael van der Vaart AM 141 59 (28) 2000-2005
57%
187 Remko Pasveer GK 90 0 (1) 2014-2015, 2016-2017, 2021-2022, 2024-2025
57%
97 Rick Karsdorp RB 124 3 (21) 2014-2016, 2019-2020, 2024-2025
57%
311 Rob van Dijk GK 49 0 (1) 2003-2004, 2008-2011
57%
84 Ron Vlaar CB 133 8 (5) 2005-2007, 2009-2012
57%
573 Ruud van Nistelrooy ST 10 2 (2) 2000-2001
57%
182 Santiago Gimenez ST 93 58 (12) 2022-2025
57%
27 Steven Bergwijn LW 199 56 (40) 2014-2019, 2022-2025
57%
111 Thomas Vermaelen CB 118 9 (2) 2003-2004, 2005-2009
57%
16 Tonny Vilhena CM 224 37 (25) 2011-2019
57%
80 Vurnon Anita DM 134 5 (9) 2005-2006, 2008-2013
57%
144 Young-pyo Lee LB 105 1 (15) 2002-2006
57%
548 Abdelhak Nouri CM 12 0 (0) 2016-2017
43%
131 Alex CB 110 15 (7) 2004-2007
43%
188 Amin Younes LW 90 16 (22) 2015-2018
43%
55 Andreas Isaksson GK 155 0 (0) 2008-2012
43%
148 André Ramalho CB 102 6 (3) 2021-2024
43%
349 Angeliño LB 40 1 (11) 2018-2019
43%
122 Anwar El Ghazi RW 115 31 (15) 2014-2016, 2022-2024
43%
191 Armando Obispo CB 88 4 (2) 2017-2018, 2020-2025
43%
62 Brian Brobbey ST 148 52 (23) 2020-2025
43%
446 Bruno Silva RB 25 0 (3) 2007-2010
43%
301 Calvin Stengs AM 52 8 (18) 2023-2025
43%
276 Chuba Akpom ST 59 18 (4) 2023-2025
43%
236 DaMarcus Beasley LB 71 13 (11) 2004-2006
43%
454 Daniele Rugani CB 23 0 (0) 2024-2025
43%
58 Danko Lazovic CF 153 38 (26) 2003-2004, 2007-2010
43%
92 Dávid Hancko CB 127 14 (10) 2022-2025
43%
217 Demy de Zeeuw CM 76 11 (18) 2009-2011
43%
18 Dennis Rommedahl RW 219 42 (62) 2000-2003, 2007-2010
43%
711 Denzel Hall RB 2 0 (0) 2021-2022
43%
631 Dies Janse CB 6 0 (0) 2024-2025
43%
284 Eljero Elia LW 58 17 (12) 2015-2017
43%
107 Erik Pieters LB 120 0 (9) 2008-2013
43%
90 Eyong Enoh DM 129 4 (8) 2008-2013
43%
517 Fábio Silva ST 16 5 (2) 2022-2023
43%
221 Francisco Rodríguez CB 75 4 (2) 2008-2011
43%
424 Gerónimo Rulli GK 28 0 (0) 2022-2024
43%
193 Ismael Saibari CM 87 20 (17) 2020-2021, 2022-2025
43%
403 Ivan Perišić LW 31 12 (9) 2024-2025
43%
351 Jaap Stam CB 40 1 (1) 2006-2008
43%
20 Jan Vennegoor of Hesselink ST 214 82 (24) 2001-2006, 2011-2012
43%
6 Jens Toornstra AM 275 62 (52) 2014-2023
43%
15 Jeroen Zoet GK 234 0 (0) 2013-2020
43%
19 Joël Veltman RB 216 10 (14) 2012-2020
43%
86 Joey Veerman CM 132 17 (43) 2021-2025
43%
34 Johann Vogel DM 184 6 (9) 2000-2005
43%
53 Jordan Teze RB 155 4 (17) 2018-2025
43%
93 Joshua Brenet RB 126 3 (9) 2012-2018
43%
14 Karim El Ahmadi DM 236 16 (15) 2008-2011, 2014-2018
43%
243 Kenneth Pérez ST 68 28 (20) 2006-2008
43%
230 Kevin Strootman CM 74 9 (25) 2011-2013
43%
47 Leroy Fer DM 163 16 (14) 2007-2011, 2019-2022
43%
527 Lorenzo Lucca ST 15 2 (1) 2022-2023
43%
724 Lucas Pérez ST 2 0 (0) 2024-2025
43%
42 Luciano Narsingh RW 172 27 (30) 2012-2016, 2019-2021
43%
37 Lutsharel Geertruida RB 180 21 (11) 2018-2025
43%
342 Marcos López LB 41 0 (3) 2022-2025
43%
157 Marco van Ginkel CM 99 31 (12) 2015-2017, 2020-2023
43%
384 Michael Reiziger RB 34 1 (0) 2005-2007
43%
290 Mika Godts LW 57 7 (8) 2022-2025
43%
335 Mike van der Hoorn CB 43 4 (1) 2013-2016
43%
77 Miralem Sulejmani LM 137 35 (19) 2008-2013
43%
29 Nick Viergever CB 194 12 (6) 2014-2022
43%
83 Nicolai Jørgensen ST 133 52 (21) 2016-2021
43%
248 Noni Madueke RW 67 13 (11) 2019-2023
43%
40 Ola Toivonen ST 175 71 (27) 2008-2014
43%
39 Olivier Boscagli CB 177 11 (13) 2019-2025
43%
156 Orlando Engelaar DM 100 7 (7) 2009-2013
43%
32 Otman Bakkal AM 189 36 (16) 2003-2004, 2007-2011, 2013-2014
43%
176 Philipp Max LB 94 7 (17) 2020-2023
43%
224 Quilindschy Hartman LB 75 2 (11) 2022-2025
43%
305 Quincy Promes LW 50 22 (6) 2019-2021
43%
275 Ricardo Pepi ST 60 21 (6) 2023-2025
43%
633 Ricardo Rodríguez LB 6 0 (0) 2019-2020
43%
64 Ricardo van Rhijn RB 147 5 (12) 2011-2016
43%
68 Ronald Waterreus GK 144 0 (0) 2000-2004
43%
190 Roy Makaay ST 89 36 (15) 2007-2010
43%
199 Sam Larsson AM 84 15 (18) 2017-2020
43%
51 Santiago Arias RB 156 10 (16) 2013-2018
43%
283 Sébastien Haller ST 58 43 (14) 2020-2022
43%
106 Steven Pienaar LM 120 17 (22) 2001-2006
43%
366 Theo Janssen CM 37 9 (8) 2011-2013
43%
12 Theo Lucius DM 239 17 (19) 2000-2009
43%
35 Tomas Galasek DM 183 25 (18) 2000-2006
43%
23 Urby Emanuelson CM 208 18 (27) 2004-2011
43%
99 Walter Benítez GK 123 0 (0) 2022-2025
43%
5 Wilfred Bouma LB 282 19 (23) 2000-2005, 2010-2013
43%
189 Adam Maher CM 89 13 (11) 2013-2015, 2017-2018
29%
177 Alireza Jahanbakhsh RW 94 14 (13) 2021-2024
29%
595 Anass Salah-Eddine LB 8 0 (1) 2021-2022, 2023-2024
29%
30 André Bahia CB 192 17 (5) 2004-2011
29%
167 Arnold Bruggink AM 97 33 (18) 2000-2003
29%
67 Balázs Dzsudzsák AM 144 50 (47) 2007-2011
29%
250 Bart Ramselaar LW 66 6 (6) 2016-2019
29%
376 Benjamin Tahirović CM 36 2 (4) 2023-2025
29%
429 Bojan Krkic CF 28 4 (5) 2013-2014
29%
150 Bonaventure Kalou RW 102 25 (20) 2000-2003
29%
444 Borna Sosa LB 25 0 (5) 2023-2024
29%
226 Brad Jones GK 74 0 (0) 2016-2018
29%
254 Bruma LW 65 11 (8) 2019-2022
29%
533 Bryan Ruiz AM 14 5 (3) 2013-2014
29%
412 Carlos Forbs LW 30 3 (5) 2023-2025
29%
56 Carlos Salcido CB 154 3 (3) 2006-2010
29%
759 Cheick Touré RB 1 0 (0) 2017-2018
29%
237 Christian Poulsen DM 70 1 (4) 2012-2014
29%
350 Cyriel Dessers ST 40 19 (4) 2021-2022
29%
211 Daley Sinkgraven LB 78 1 (9) 2014-2019
29%
606 Dani de Wit AM 7 0 (0) 2017-2019
29%
137 Denzel Dumfries RB 107 14 (18) 2018-2021
29%
82 Devyne Rensch RB 134 10 (9) 2020-2025
29%
405 Diant Ramaj GK 31 0 (0) 2023-2025
29%
650 Don-Angelo Konadu ST 5 0 (2) 2024-2025
29%
162 Édison Méndez AM 98 10 (10) 2006-2009
29%
689 Eloy Room GK 3 0 (0) 2017-2018
29%
256 Eran Zahavi ST 65 32 (10) 2020-2022
29%
183 Eric Addo CB 92 3 (1) 2000-2009
29%
63 Eric Botteghin CB 148 10 (4) 2015-2021
29%
114 Érick Gutiérrez CM 117 8 (10) 2018-2023
29%
458 Francisco Conceição RW 23 1 (3) 2022-2023
29%
76 Gastón Pereiro AM 137 44 (19) 2015-2020
29%
599 Georges Mikautadze ST 8 0 (0) 2023-2024
29%
435 Gerald Sibon ST 27 6 (2) 2004-2006
29%
104 Gernot Trauner CB 121 2 (4) 2021-2025
29%
287 Graziano Pellè ST 57 50 (15) 2012-2014
29%
617 Heiko Westermann CB 6 0 (0) 2016-2017
29%
128 Henk Timmer GK 112 0 (1) 2001-2002, 2006-2009
29%
609 Jakov Medic CB 7 1 (0) 2023-2024
29%
410 Jari Litmanen AM 30 7 (3) 2002-2004
29%
411 Jarrad Branthwaite CB 30 2 (1) 2022-2023
29%
96 Jason Culina CM 125 3 (12) 2003-2004, 2005-2009
29%
52 Jefferson Farfán RW 155 62 (24) 2004-2008
29%
127 Jeffrey Bruma CB 113 7 (4) 2013-2016
29%
336 Jerzy Dudek GK 43 0 (0) 2000-2002
29%
331 Joël Drommel GK 44 0 (0) 2021-2025
29%
461 John Guidetti ST 23 20 (6) 2011-2012
29%
115 Jonathan de Guzmán CM 117 24 (23) 2005-2010
29%
119 Jon Dahl Tomasson ST 117 58 (13) 2000-2001, 2008-2010
29%
285 Joris Mathijsen CB 58 1 (3) 2012-2015
29%
61 Jürgen Locadia ST 148 46 (34) 2012-2018
29%
329 Kenny Tete RB 44 1 (2) 2014-2017
29%
45 Kevin Hofland CB 165 9 (9) 2000-2003, 2007-2010
29%
170 Kolbeinn Sigthórsson ST 96 31 (8) 2011-2015
29%
522 Konstantinos Mitroglou ST 15 1 (0) 2019-2020
29%
509 Kostas Lamprou GK 17 0 (0) 2012-2013, 2017-2019
29%
508 Lars Unnerstall GK 17 0 (0) 2019-2021
29%
629 Lisandro Magallán CB 6 0 (0) 2018-2019, 2022-2023
29%
618 Lucas Ocampos LW 6 0 (0) 2022-2023
29%
151 Marcos Senesi CB 102 7 (4) 2019-2022
29%
393 Marko Pantelic ST 32 18 (9) 2009-2010
29%
71 Maxwell LB 142 10 (16) 2001-2005
29%
78 Miquel Nelom LB 136 2 (8) 2011-2018
29%
382 Mounir El Hamdaoui ST 34 15 (6) 2010-2011
29%
309 Nemanja Gudelj DM 50 6 (10) 2015-2017
29%
253 Nicolai Boilesen CB 66 1 (5) 2010-2011, 2013-2015
29%
129 Nicolas Isimat-Mirin CB 111 4 (1) 2014-2019
29%
174 Niklas Moisander CB 95 7 (6) 2012-2015
29%
265 Nordin Amrabat RW 63 10 (9) 2008-2011
29%
512 Oleksandr Zinchenko LB 16 0 (4) 2016-2017
29%
155 Patrick Lodewijks GK 100 0 (0) 2001-2006
29%
339 Patrick van Aanholt LB 43 2 (3) 2022-2024
29%
282 Phillipp Mwene LB 58 3 (3) 2021-2023
29%
116 Pierre van Hooijdonk ST 117 70 (10) 2001-2002, 2005-2007
29%
399 Przemyslaw Tyton GK 31 0 (0) 2011-2014
29%
231 Rasmus Lindgren CB 73 6 (4) 2004-2005, 2007-2011
29%
400 Reiss Nelson RW 31 4 (7) 2021-2022
29%
291 Renato Tapia DM 56 2 (1) 2015-2020
29%
273 Riechedly Bazoer CB 60 7 (5) 2014-2017
29%
529 Roger García LM 15 2 (0) 2006-2007
29%
357 Ruud Vormer CM 39 3 (6) 2012-2015
29%
121 Ryan Babel LW 116 21 (17) 2003-2006, 2012-2013, 2019-2020
29%
327 Ryan Flamingo CB 45 3 (3) 2024-2025
29%
340 Ryan Thomas CM 41 4 (6) 2019-2022
29%
220 Salomon Kalou LW 76 39 (19) 2003-2006
29%
482 Sam Lammers ST 20 4 (1) 2016-2017, 2019-2021
29%
473 Sean Klaiber CB 21 0 (3) 2020-2021
29%
277 Sekou Cissé ST 59 14 (7) 2009-2014
29%
657 Simon Poulsen LB 4 0 (0) 2015-2016
29%
434 Sofyan Amrabat DM 27 2 (2) 2017-2018
29%
149 Stanislav Manolev RB 102 4 (12) 2009-2013
29%
135 Thulani Serero DM 108 9 (7) 2011-2016
29%
75 Tim de Cler LB 137 3 (15) 2000-2001, 2007-2011
29%
196 Tim Matavz ST 86 32 (14) 2011-2014
29%
225 Timon Wellenreuther GK 74 0 (1) 2022-2025
29%
328 Tom De Mul RM 44 5 (8) 2003-2004, 2006-2007
29%
91 Tyrell Malacia LB 127 4 (10) 2017-2021, 2024-2025
29%
709 Victor Jensen AM 2 0 (0) 2020-2022
29%
173 Viktor Fischer LW 96 26 (14) 2012-2016
29%
387 Yankuba Minteh RW 33 11 (5) 2023-2024
29%
200 Yorbe Vertessen ST 83 16 (10) 2020-2024
29%
343 Youri Baas CB 41 1 (0) 2022-2023, 2024-2025
29%
302 Yvon Mvogo GK 51 0 (0) 2020-2022
29%
152 Zakaria Labyad AM 101 17 (20) 2009-2011, 2018-2022
29%
579 Albert Gudmundsson CF 9 0 (3) 2017-2018
14%
355 Alcides CB 39 2 (3) 2006-2008
14%
381 Anass Achahbar AM 34 6 (0) 2011-2012, 2014-2016
14%
142 Andy van der Meyde RW 106 19 (30) 2000-2003
14%
347 Anis Hadj Moussa RW 41 11 (5) 2024-2025
14%
259 Anthony Lurling AM 64 9 (12) 2002-2004
14%
245 Anton Gaaei RB 68 4 (6) 2023-2025
14%
467 Aron Winter CM 22 1 (1) 2000-2001, 2002-2003
14%
262 Arouna Koné ST 64 23 (13) 2005-2008
14%
158 Atiba Hutchinson DM 99 4 (13) 2010-2013
14%
268 Ayase Ueda ST 62 14 (3) 2023-2025
14%
132 Bart Nieuwkoop RB 110 1 (10) 2015-2018, 2020-2021, 2023-2025
14%
194 Bilal Başaçıkoğlu LW 86 6 (14) 2014-2018
14%
372 Boy Waterman GK 36 0 (0) 2012-2013, 2023-2024
14%
323 Branco van den Boomen CM 46 4 (1) 2023-2025
14%
125 Brett Emerton RM 114 11 (16) 2000-2003
14%
147 Bruno Martins Indi CB 102 5 (3) 2010-2014
14%
205 Bryan Linssen ST 81 24 (13) 2020-2022
14%
487 Carel Eiting CM 19 0 (3) 2017-2020
14%
386 Carlos Vinícius ST 34 7 (7) 2021-2023
14%
251 Chong-gug Song RB 66 2 (6) 2002-2005
14%
616 Chris Kanu RB 6 0 (0) 2000-2001
14%
478 Christian Rasmussen RW 21 2 (2) 2022-2023, 2024-2025
14%
326 Colin Kazım-Richards ST 45 13 (8) 2014-2016
14%
146 Cristian Chivu CB 104 12 (5) 2000-2003
14%
567 Cuco Martina CB 11 0 (0) 2018-2019
14%
117 Daniel Schwaab CB 117 5 (5) 2016-2020
14%
556 Dani Fernández RB 11 0 (0) 2009-2010, 2011-2012
14%
280 Danilo ST 59 15 (4) 2019-2020, 2021-2023
14%
123 Danny Koevermans ST 114 40 (11) 2007-2011
14%
365 Darío Cvitanich ST 37 13 (6) 2008-2011
14%
266 Daryl Janmaat RB 63 5 (9) 2012-2014
14%
186 Davy Pröpper CM 91 19 (17) 2015-2016, 2021-2022
14%
593 Dennis Gentenaar GK 8 0 (0) 2006-2008
14%
676 Dennis Johnsen LW 3 0 (0) 2017-2019
14%
758 Dennis Vos CB 1 0 (0) 2021-2022
14%
622 Deyovaisio Zeefuik RB 6 0 (0) 2016-2018
14%
687 Diederik Boer GK 3 0 (0) 2014-2017
14%
166 Diego Biseswar AM 97 11 (21) 2004-2005, 2007-2012
14%
198 Dirk Marcellis CB 85 0 (5) 2006-2010
14%
453 Dmitriy Bulykin ST 23 9 (3) 2011-2012
14%
159 Donyell Malen RW 99 48 (16) 2017-2021
14%
341 Dwight Tiendalli RB 41 0 (0) 2006-2007, 2008-2009
14%
519 Edgar Ié CB 15 0 (0) 2019-2020
14%
185 Edwin Zoetebier GK 91 0 (0) 2001-2006
14%
108 Erwin Mulder GK 120 0 (0) 2007-2008, 2009-2015
14%
601 Facundo González CB 8 0 (0) 2024-2025
14%
564 Fedor Smolov ST 11 1 (1) 2010-2011
14%
520 Florian Grillitsch DM 15 0 (0) 2022-2023
14%
716 Frank Kooiman GK 2 0 (0) 2002-2003
14%
235 Fred Grim GK 71 0 (0) 2000-2002
14%
613 Gastón Ávila CB 7 0 (0) 2023-2024
14%
516 Género Zeefuik ST 16 1 (0) 2006-2007, 2010-2012
14%
300 George Ogăraru RB 52 0 (7) 2006-2008
14%
414 Givairo Read RB 30 2 (7) 2023-2025
14%
437 Guyon Fernandez ST 27 7 (2) 2011-2013
14%
87 Hatem Trabelsi RB 131 2 (18) 2001-2006
14%
197 Hedwiges Maduro DM 85 9 (4) 2004-2008
14%
421 Hugo Bueno LB 29 0 (4) 2024-2025
14%
427 In-beom Hwang DM, CM 28 3 (2) 2024-2025
14%
413 Isaac Babadi AM 30 2 (1) 2023-2025
14%
638 Isaac Cuenca LW 5 0 (1) 2012-2013
14%
145 Ismail Aissati AM 104 9 (10) 2005-2012
14%
561 Jacob Rasmussen CB 11 1 (1) 2022-2023
14%
204 Jaïro Riedewald DM 81 3 (2) 2013-2017
14%
140 Jan-Arie van der Heijden CB 107 4 (5) 2007-2008, 2015-2020
14%
216 Jan Heintze LB 76 0 (5) 2000-2003
14%
714 Javier Martina RW 2 0 (1) 2008-2009
14%
598 Jaydon Banel LW 8 0 (1) 2023-2025
14%
552 Jay Gorter GK 12 0 (0) 2021-2022, 2023-2025
14%
455 Jeffrey Sarpong RM 23 2 (0) 2005-2006, 2007-2009
14%
394 Jérémie Bréchet CB 32 1 (0) 2008-2009
14%
648 Jeroen Verhoeven GK 5 0 (0) 2010-2011
14%
409 John Goossens DM 30 3 (4) 2012-2014
14%
501 Jorthy Mokio DM 17 2 (0) 2024-2025
14%
577 Julian Rijkhoff ST 10 0 (0) 2023-2024
14%
592 Jürgen Dirkx CB 8 0 (0) 2000-2001, 2002-2003
14%
402 Jurgen Ekkelenkamp CM 31 4 (4) 2017-2021
14%
704 Kaj Sierhuis ST 2 0 (0) 2018-2019
14%
267 Karim Rekik CB 62 2 (0) 2013-2015
14%
161 Kelvin Leerdam RB 99 4 (10) 2008-2013
14%
439 Kevin Diks RB 26 0 (4) 2017-2018
14%
506 Khalid Boulahrouz CB 17 0 (2) 2014-2015
14%
762 Khalid Sinouh GK 1 0 (0) 2011-2012
14%
682 Kjell Scherpen GK 3 0 (0) 2020-2021
14%
354 Kristian Hlynsson AM 40 8 (3) 2023-2025
14%
143 Lex Immers AM 106 32 (12) 2012-2016
14%
743 Liam Kelly CM 1 0 (0) 2019-2020
14%
594 Lucas Rosa RB 8 0 (1) 2024-2025
14%
369 Luc Castaignos ST 37 15 (2) 2009-2011
14%
179 Luigi Bruins CM 94 11 (10) 2007-2011
14%
175 Luis Sinisterra LW 95 27 (22) 2018-2022
14%
475 Manuel da Costa CB 21 1 (0) 2006-2008
14%
110 Marcelo CB 119 7 (3) 2010-2013
14%
530 Marcel Ritzmaier CM 15 0 (0) 2011-2012, 2014-2015
14%
570 Matheus GK 10 0 (1) 2024-2025
14%
500 Maxime Lestienne RW 18 3 (9) 2015-2016
14%
532 Maximiliano Romero ST 14 1 (2) 2018-2019, 2020-2022
14%
383 Maximilian Wöber CB 34 1 (0) 2017-2019
14%
337 Michael Mols ST 43 4 (6) 2007-2009
14%
272 Michiel Kramer ST 61 18 (6) 2015-2018
14%
293 Mido ST 56 23 (12) 2001-2002, 2010-2011
14%
257 Mitchell Dijks LB 64 0 (8) 2012-2013, 2015-2018
14%
535 Mohamed Daramy LW 14 1 (2) 2021-2022
14%
252 Mohamed Ihattaren AM 66 7 (9) 2018-2021
14%
610 Neraysho Kasanwirjo RB 7 0 (0) 2022-2023, 2024-2025
14%
547 Niki Zimling DM 12 0 (0) 2014-2015
14%
418 Nuri Şahin DM 29 6 (5) 2007-2008
14%
304 Oleguer CB 51 2 (0) 2008-2011
14%
294 Oscar Hiljemark CM 55 2 (2) 2012-2015
14%
321 Oussama Idrissi LW 47 7 (8) 2020-2021, 2022-2023
14%
109 Pablo Rosario DM 119 5 (11) 2017-2021
14%
22 Patrick Paauwe CB 209 20 (14) 2000-2006
14%
668 Peter van Ooijen RW 3 0 (1) 2012-2014
14%
771 Rayane Bounida LW 1 0 (0) 2024-2025
14%
572 Răzvan Marin DM 10 0 (1) 2019-2020
14%
578 Richairo Zivkovic ST 9 1 (1) 2014-2015
14%
289 Richard Ledezma RB 57 2 (2) 2020-2025
14%
324 Richard Witschge CM 46 3 (6) 2000-2001, 2002-2003
14%
288 Ritsu Doan RW 57 11 (6) 2019-2020, 2021-2022
14%
457 Rob Wielaert CB 23 1 (1) 2001-2002, 2008-2010
14%
389 Royston Drenthe LM 33 0 (2) 2005-2007
14%
546 Ryo Miyaichi RW 12 3 (5) 2010-2011
14%
600 Savinho RW 8 0 (2) 2022-2023
14%
73 Shinji Ono AM 141 22 (24) 2001-2006
14%
396 Shota Arveladze ST 32 20 (2) 2000-2002
14%
518 Silvano Vos DM 16 0 (0) 2022-2024
14%
766 Sontje Hansen RW 1 0 (0) 2019-2020
14%
619 Søren Larsen ST 6 0 (0) 2010-2011
14%
468 Stef Nijland AM 22 1 (2) 2008-2009, 2010-2011
14%
94 Sven van Beek CB 126 4 (2) 2013-2015, 2017-2020
14%
113 Terence Kongolo CB 117 1 (6) 2011-2017
14%
274 Thomas Beelen CB 60 1 (1) 2023-2025
14%
568 Thorgan Hazard AM, LW 10 1 (0) 2022-2023
14%
653 Tom Sier LB 4 0 (0) 2000-2001
14%
587 Trent Sainsbury CB 8 0 (0) 2018-2020
14%
494 Vaclav Cerny RW 18 2 (3) 2015-2018
14%
576 Youri Regeer CM 10 1 (1) 2021-2022, 2024-2025
14%
264 Yuriy Nikiforov CB 63 1 (2) 2000-2002
14%
481 Zakaria Bakkali LW 20 3 (0) 2013-2014
14%
490 Zanka CB 19 2 (0) 2012-2014
14%
380 Abel Tamata LB 34 0 (0) 2010-2011, 2013-2015
0%
218 Abubakari Yakubu DM 76 0 (2) 2000-2004
0%
675 Achraf El Bouchataoui DM 3 0 (0) 2020-2021
0%
566 Adamo Nagalo CB 11 0 (0) 2024-2025
0%
685 Adil Auassar CB 3 0 (0) 2010-2011
0%
270 Adil Ramzi LM 61 8 (3) 2000-2003
0%
513 Adrian Fein CM 16 1 (3) 2020-2021
0%
452 Ahmetcan Kaplan CB 24 0 (1) 2023-2025
0%
510 Albert Luque LW 17 4 (2) 2007-2008
0%
741 Aleksandar Boljevic RW 1 0 (0) 2014-2015
0%
378 Alexander Arnold Mezan RB 35 0 (2) 2004-2006
0%
353 Alfred Schreuder DM 40 0 (6) 2003-2004, 2005-2007
0%
338 Ali Boussaboun LW 43 6 (3) 2005-2007
0%
644 Aliou Baldé LW 5 0 (1) 2020-2022
0%
763 Amar Catic RW 1 0 (0) 2019-2020
0%
646 Amourricho Van Axel-Dongen LW 5 0 (0) 2021-2022, 2023-2024
0%
201 André Bergdölmo CB 82 6 (3) 2000-2003
0%
303 Andwelé Slory RW 51 7 (6) 2007-2010
0%
246 Angelos Charisteas ST 67 22 (7) 2004-2007
0%
419 Anthony Obodai DM 29 2 (1) 2003-2005
0%
298 Antoni Milambo AM 53 7 (8) 2021-2025
0%
397 Aras Özbiliz RW 31 3 (3) 2010-2012
0%
691 Archie Thompson ST 2 0 (0) 2005-2006
0%
430 Arco Jochemsen RM 28 0 (1) 2000-2001
0%
565 Ar'jany Martha LB 11 0 (2) 2023-2024
0%
626 Armel Bella-Kotchap CB 6 0 (0) 2023-2024
0%
647 Aymen Sliti LW 5 1 (0) 2024-2025
0%
652 Aziz Behich LB 4 0 (0) 2018-2019
0%
750 Azor Matusiwa DM 1 0 (0) 2017-2018
0%
346 Bart Goor LM 41 10 (6) 2004-2005
0%
635 Bart Schenkeveld CB 5 0 (0) 2009-2010
0%
764 Bas Roorda GK 1 0 (0) 2007-2008
0%
692 Benjamin De Ceulaer ST 2 0 (0) 2006-2007
0%
524 Björn van der Doelen CM 15 2 (0) 2000-2001
0%
263 Bogdan Lobonț GK 63 0 (0) 2000-2001, 2002-2005
0%
459 Bruno Basto LB 23 1 (0) 2004-2005
0%
696 Bruno Varela GK 2 0 (0) 2019-2020
0%
584 Brutil Hosé ST 9 2 (1) 2000-2001
0%
537 Calvin Verdonk LB 13 1 (2) 2014-2015, 2018-2019
0%
669 Carlo l'Ami GK 3 0 (0) 2002-2003
0%
662 Cássio GK 4 0 (0) 2008-2009, 2010-2011
0%
363 Cedric van der Gun ST 38 13 (9) 2000-2002
0%
557 Chris-Kévin Nadje AM 11 0 (0) 2024-2025
0%
718 Christian Conteh RW 2 0 (0) 2020-2021
0%
241 Christian Gyan RB 69 2 (3) 2000-2006
0%
507 Chris van der Weerden RB 17 0 (2) 2000-2001
0%
582 Civard Sprockel CB 9 0 (0) 2001-2002
0%
575 Cláudio ST 10 2 (0) 2000-2001
0%
597 Cole Bassett AM 8 0 (1) 2021-2023
0%
502 Cory Gibbs CB 17 1 (0) 2004-2005
0%
485 Couhaib Driouech LW 20 3 (1) 2024-2025
0%
539 Csaba Fehér DM 13 0 (0) 2004-2005, 2006-2007
0%
536 Daniel Cruz AM 13 2 (1) 2000-2001
0%
379 Daniël de Ridder LW 35 4 (2) 2003-2005
0%
693 Daniel Guijo-Velasco AM 2 0 (0) 2003-2004
0%
286 Danny Buijs CM 57 6 (6) 2006-2009
0%
368 Danny Hoesen ST 37 9 (4) 2012-2014
0%
605 Dante Rigo DM 7 1 (0) 2017-2019
0%
757 Darko Bodul CF 1 0 (0) 2008-2009
0%
645 Darley GK 5 0 (0) 2009-2010
0%
531 David Connolly ST 15 5 (2) 2000-2001
0%
362 Denny Landzaat CM 38 5 (3) 2007-2010
0%
278 Derk Boerrigter LW 59 14 (8) 2011-2013
0%
786 Dermane Karim DM 1 0 (0) 2021-2022
0%
486 Derrick Luckassen CB 19 0 (0) 2017-2018
0%
569 Dico Koppers LB 10 0 (0) 2011-2012
0%
496 Diego Tardelli ST 18 3 (1) 2006-2007
0%
779 Djomar Giersthove CB 1 0 (0) 2024-2025
0%
447 Dylan Vente ST 25 4 (6) 2017-2021
0%
202 Ebi Smolarek ST 82 12 (5) 2000-2001, 2003-2005
0%
549 Edgar Manucharyan ST 12 1 (0) 2005-2007
0%
735 Edson Sousa ST 1 0 (0) 2003-2004
0%
625 Edwin de Graaf CM 6 0 (1) 2004-2006
0%
359 Elvis Manu ST 38 11 (4) 2011-2012, 2013-2016
0%
673 Emil Hansson LW 3 0 (0) 2016-2018
0%
620 Emmanuel Boakye RB 6 0 (0) 2005-2006
0%
778 Emmanuel van de Blaak CB 1 0 (0) 2022-2023
0%
222 Ernest Faber CB 75 1 (1) 2000-2004
0%
649 Esmir Bajraktarević RW 5 0 (0) 2024-2025
0%
521 Evander Sno DM 15 1 (4) 2008-2009
0%
543 Ezequiel Bullaude AM 13 1 (2) 2022-2023
0%
670 Fabian Sporkslede DM 3 0 (0) 2012-2013
0%
683 Fagner RB 3 1 (0) 2007-2008
0%
463 Ferdi Vierklau RB 22 0 (0) 2000-2002
0%
498 Ferne Snoyl LB 18 1 (0) 2003-2004, 2005-2006
0%
247 Ferry de Haan CB 67 1 (1) 2000-2003
0%
281 Florian Jozefzoon RW 58 6 (4) 2010-2011, 2013-2017
0%
769 Fodé Fofana ST 1 0 (0) 2022-2023
0%
314 Fredrik Aursnes CM 48 1 (4) 2021-2023
0%
754 Fredrik Bjørkan LB 1 0 (0) 2022-2023
0%
526 Fredrik Oppegård LB 15 0 (0) 2020-2025
0%
553 Funso Ojo CM 12 0 (1) 2008-2012
0%
426 Gábor Babos GK 28 0 (1) 2004-2005
0%
160 Gabri DM 99 7 (5) 2006-2010
0%
784 Geoffrey Castillion ST 1 0 (0) 2010-2011
0%
660 George Johnston CB 4 0 (0) 2020-2021
0%
456 Gérard de Nooijer CB 23 0 (1) 2002-2004
0%
603 Gerson Magrão LM 7 0 (0) 2004-2005
0%
367 Giannis Anastasiou ST 37 10 (4) 2003-2006
0%
538 Gianni Zuiverloon CB 13 0 (0) 2004-2005
0%
371 Gijs Smal LB 36 0 (4) 2024-2025
0%
395 Gill Swerts RB 32 1 (1) 2003-2004, 2010-2012
0%
664 Gino Coutinho GK 4 0 (0) 2000-2001
0%
317 Giorgi Gakhokidze LW 48 4 (4) 2000-2003
0%
542 Gjivai Zechiël DM 13 0 (2) 2023-2025
0%
728 Glenn Kobussen DM 1 0 (0) 2008-2009
0%
390 Glenn Loovens CB 33 0 (0) 2001-2002, 2004-2005
0%
705 Gustavo Hamer LM 2 0 (0) 2016-2017
0%
404 Hans Vonk GK 31 0 (0) 2004-2006
0%
612 Harmeet Singh CM 7 0 (0) 2012-2013
0%
297 Hossam Ghaly CM 55 3 (5) 2003-2006
0%
636 Hyun-jun Suk ST 5 0 (0) 2009-2010
0%
415 Ibrahim Osman LW 29 3 (3) 2024-2025
0%
723 Ibrahim Rabiu CM 2 0 (0) 2011-2012
0%
406 Igor Korneev RW 31 8 (5) 2000-2002
0%
736 Ilan Boccara DM 1 0 (0) 2012-2013
0%
665 Ismael Urzaiz ST 4 0 (0) 2007-2008
0%
666 Ivica Kralj GK 4 0 (0) 2001-2002
0%
748 Jacob Lensky CM 1 0 (0) 2006-2007
0%
525 Jagos Vukovic CB 15 1 (0) 2009-2011
0%
497 Jakub Moder CM 18 4 (2) 2024-2025
0%
733 Jamal Akachar ST 1 0 (0) 2002-2003
0%
450 Jan de Visser LM 24 0 (0) 2000-2002
0%
192 Jan Kromkamp RB 87 2 (12) 2006-2010
0%
780 Jan Plug CB 1 0 (0) 2024-2025
0%
504 Jan van Halst DM 17 0 (1) 2001-2003
0%
744 Jari Schuurman AM 1 0 (0) 2015-2016
0%
315 Javairô Dilrosun LW 48 6 (7) 2022-2024
0%
775 Jean Carlos LB 1 0 (0) 2003-2004
0%
105 Jean-Paul Boëtius AM 120 25 (22) 2012-2014, 2017-2019
0%
588 Jean-Paul van Gastel DM 8 1 (0) 2000-2002
0%
677 Jelle ten Rouwelaar GK 3 0 (0) 2002-2003
0%
428 Jelle Van Damme CB 28 0 (0) 2001-2004
0%
773 Jenson Seelt CB 1 0 (0) 2021-2022
0%
330 Jeremiah St. Juste CB 44 6 (2) 2017-2020
0%
721 Jeremy Antonisse LW 2 0 (0) 2020-2022
0%
299 Jerson Cabral LW 52 8 (10) 2010-2013
0%
621 Jesper Grønkjær LW 6 2 (2) 2000-2001
0%
753 Jesper Hogedoorn GK 1 0 (0) 2002-2003
0%
781 Jesper Uneken ST 1 1 (0) 2023-2024
0%
602 Jeyland Mitchell CB 8 0 (0) 2024-2025
0%
680 Jhonny van Beukering ST 3 0 (0) 2010-2011
0%
451 João Carlos Teixeira AM 24 0 (4) 2020-2022
0%
416 Jody Lukoki RW 29 5 (2) 2010-2013
0%
550 Joël Piroe ST 12 3 (0) 2020-2021
0%
483 Joey Didulica GK 20 0 (0) 2001-2003
0%
318 Johan Elmander ST 48 5 (1) 2000-2003
0%
385 Johan Vonlanthen LM 34 5 (1) 2003-2005
0%
701 John Nieuwenburg DM 2 0 (0) 2000-2001
0%
292 John O'Brien DM 56 2 (3) 2000-2005
0%
706 John Owoeri ST 2 0 (0) 2005-2006
0%
373 Jonathan Reis ST 36 17 (2) 2007-2008, 2009-2011
0%
260 Joonas Kolkka RW 64 7 (7) 2000-2001, 2006-2007
0%
562 Jordan Lotomba RB 11 1 (2) 2024-2025
0%
688 Jordao Pattinama RW 3 0 (1) 2008-2009
0%
642 Jordi Hoogstrate CM 5 0 (0) 2003-2004
0%
656 Jordy de Wijs CB 4 0 (0) 2015-2018
0%
738 Jordy van Deelen RB 1 0 (0) 2013-2014
0%
589 Jordy Wehrmann CM 8 0 (0) 2020-2021
0%
515 Jorge Acuña DM 16 0 (1) 2002-2004
0%
719 Joris Delle GK 2 0 (0) 2018-2019
0%
492 Juanfran LB 19 0 (0) 2005-2006
0%
432 Julián Carranza ST 28 5 (1) 2024-2025
0%
234 Julien Escudé CB 72 6 (1) 2003-2006
0%
319 Jürgen Colin CB 48 1 (1) 2001-2002, 2003-2004, 2007-2008
0%
614 Kaj Ramsteijn CB 7 0 (0) 2011-2012
0%
377 Kamohelo Mokotjo DM 35 0 (3) 2010-2013
0%
295 Karim Saïdi CB 55 1 (2) 2004-2007
0%
178 Kasper Bøgelund RB 94 0 (4) 2000-2005
0%
118 Kees van Wonderen CB 117 2 (7) 2000-2004
0%
348 Kennedy RM 40 7 (7) 2007-2010
0%
640 Kenneth Paal LB 5 0 (0) 2017-2018
0%
628 Kermit Erasmus ST 6 0 (0) 2008-2009
0%
624 Kevin Bobson LW 6 0 (0) 2000-2001
0%
641 Kevin Wattamaleo CM 5 0 (1) 2008-2009
0%
344 Kian Fitz-Jim CM 41 5 (1) 2022-2025
0%
608 Ki-Jana Hoever RB 7 0 (2) 2022-2023
0%
767 Kiran Bechan RW 1 0 (0) 2000-2001
0%
777 Kwame Quansah DM 1 0 (0) 2000-2001
0%
637 Laurent Delorge RW 5 1 (2) 2007-2008
0%
476 Leandro Bonfim AM 21 1 (4) 2002-2005
0%
756 Lee Nguyen AM 1 0 (0) 2005-2006
0%
770 Lennard Hartjes CM 1 0 (0) 2021-2022
0%
120 Leonardo CF 117 14 (9) 2000-2009
0%
534 Leonardo RB 14 0 (0) 2001-2003
0%
760 Léon Hese CB 1 0 (0) 2001-2002
0%
528 Leo Sauer LW 15 2 (4) 2023-2024
0%
460 Lerin Duarte CM 23 3 (0) 2013-2015
0%
710 Liam van Gelderen CB 2 0 (0) 2021-2022
0%
320 Lorenzo Ebecilio AM 47 9 (6) 2010-2012
0%
313 Lucas Andersen AM 48 3 (3) 2012-2015
0%
611 Lucas Pratto ST 7 0 (0) 2020-2021
0%
559 Lucas Woudenberg CB 11 0 (0) 2014-2015, 2016-2017
0%
776 Luis Felipe CB 1 0 (0) 2020-2021
0%
752 Luis Orejuela RB 1 0 (0) 2017-2018
0%
583 Luis Pedro RW 9 0 (1) 2008-2009
0%
316 Luka Ivanušec LW 48 4 (6) 2023-2025
0%
465 Luke Wilkshire RB 22 0 (3) 2014-2015
0%
591 Maikel Aerts GK 8 0 (0) 2005-2006
0%
541 Marcel Meeuwis DM 13 0 (1) 2010-2011
0%
214 Marcus Pedersen RM 77 1 (6) 2021-2022, 2024-2025
0%
449 Mariano Bombarda ST 25 5 (3) 2002-2004
0%
358 Mark Diemers AM 38 3 (5) 2020-2022
0%
441 Marko Vejinović DM 26 0 (1) 2015-2017
0%
310 Markus Rosenberg ST 49 16 (9) 2005-2007
0%
712 Marouan Azarkan RW 2 0 (0) 2019-2021
0%
678 Marquinho AM 3 0 (1) 2000-2002
0%
667 Marvin Zeegelaar LB 4 0 (0) 2009-2011
0%
440 Mateo Cassierra ST 26 3 (0) 2016-2018
0%
768 Mathias Kjølø DM 1 0 (0) 2020-2021
0%
732 Mats van Huijgevoort CB 1 0 (0) 2011-2012
0%
240 Mats Wieffer DM 70 8 (10) 2022-2024
0%
480 Matteo Dams LB 21 0 (0) 2024-2025
0%
697 Matthew Steenvoorden CB 2 0 (0) 2014-2015
0%
747 Matthias Verreth DM 1 0 (0) 2018-2019
0%
615 Mauricio Aros LB 7 0 (1) 2001-2002
0%
213 Mauro Rosales RM 77 7 (13) 2004-2007
0%
737 Menno Koch CB 1 0 (0) 2014-2015
0%
555 Michael Ball LB 12 0 (0) 2005-2006
0%
730 Michael Bresser RB 1 0 (0) 2024-2025
0%
783 Michael Jakobsen CB 1 0 (0) 2003-2004
0%
655 Michael Krohn-Dehli CM 4 0 (0) 2006-2008
0%
325 Michael Lamey RB 46 2 (4) 2004-2007
0%
717 Michael Lumb LB 2 0 (0) 2010-2011
0%
659 Michael Timisela RB 4 1 (0) 2005-2006
0%
607 Michal Janota AM 7 0 (0) 2008-2009
0%
388 Michal Sadílek CM 33 2 (3) 2018-2021
0%
352 Mika Väyrynen CM 40 3 (2) 2005-2008
0%
391 Mike Zonneveld LB 33 2 (1) 2007-2009
0%
663 Mimeirhel Benita RB 4 0 (0) 2021-2023
0%
540 Mitchell Donald CM 13 1 (0) 2006-2007, 2009-2010
0%
715 Mitchell Piqué LB 2 1 (0) 2001-2002
0%
658 Mitchell Schet RW 4 0 (0) 2008-2010
0%
364 Mitchell Te Vrede ST 38 11 (0) 2012-2015
0%
627 Mohamed Taabouni LW 6 0 (0) 2022-2023
0%
623 Mohammed El Hankouri AM 6 0 (0) 2016-2017, 2018-2019
0%
514 Naoufal Bannis ST 16 2 (3) 2019-2022
0%
422 Nick Marsman GK 28 0 (0) 2019-2021
0%
227 Nicky Hofs AM 74 23 (12) 2004-2008
0%
255 Nicolae Mitea LW 65 12 (5) 2003-2007
0%
442 Nicolás Lodeiro AM 26 3 (7) 2009-2010, 2011-2012
0%
751 Nigel Robertha ST 1 0 (0) 2015-2016
0%
296 Nikolaos Machlas ST 55 25 (9) 2000-2002
0%
720 Noah Naujoks AM 2 0 (0) 2022-2023
0%
674 Norichio Nieveld CB 3 0 (1) 2008-2009
0%
195 Nourdin Boukhari AM 86 15 (3) 2002-2003, 2004-2006
0%
749 Nyron Wau RW 1 0 (1) 2001-2002
0%
493 Ofir Marciano GK 18 0 (0) 2021-2022
0%
725 Oğuzhan Özyakup CM 2 1 (0) 2019-2020
0%
356 Olaf Lindenbergh DM 39 0 (3) 2005-2007
0%
523 Oliver Edvardsen LW 15 4 (1) 2024-2025
0%
634 Omar Elabdellaoui RB 5 0 (0) 2012-2013
0%
445 Ondrej Lingr AM 25 3 (1) 2023-2024
0%
713 Oscar Moens GK 2 0 (0) 2006-2007
0%
694 Osmar Ferreyra AM 2 0 (0) 2005-2006
0%
630 Oussama Targhalline DM 6 0 (0) 2024-2025
0%
729 Ovidiu Stîngă RM 1 0 (0) 2000-2001
0%
755 Pär Hansson GK 1 0 (0) 2016-2017
0%
271 Pascal Bosschaart CB 61 1 (3) 2004-2007
0%
438 Patrick Mtiliga LB 26 0 (0) 2003-2005
0%
375 Patrik Wålemark RW 36 3 (3) 2021-2023
0%
139 Paul Bosvelt DM 107 19 (10) 2000-2003
0%
703 Pelle Clement CM 2 0 (0) 2016-2017
0%
209 Perr Schuurs CB 79 2 (3) 2018-2023
0%
471 Peter van Vossen LW 21 1 (1) 2000-2001
0%
232 Petri Pasanen CB 73 8 (0) 2000-2004
0%
684 Philippe Léonard LB 3 0 (0) 2006-2007
0%
707 Philippe Sandler CB 2 0 (0) 2021-2022
0%
488 Pieter Collen CB 19 0 (2) 2001-2002, 2005-2007
0%
436 Pius Ikedia RW 27 2 (4) 2000-2002
0%
785 Plamen Andreev GK 1 0 (0) 2024-2025
0%
671 Queensy Menig LW 3 0 (0) 2014-2015
0%
558 Rai Vloet AM 11 0 (0) 2014-2016
0%
279 Ramiz Zerrouki DM 59 2 (1) 2023-2025
0%
563 Ramon Hendriks LB 11 0 (0) 2021-2022
0%
672 Ramon Pascal Lundqvist AM 3 0 (0) 2016-2017
0%
505 Ramon van Haaren LB 17 0 (0) 2001-2004
0%
474 Rasmus Kristensen RB 21 0 (3) 2017-2019
0%
686 Reimond Manco AM 3 0 (1) 2008-2009
0%
308 Remco van der Schaaf CB 50 1 (3) 2002-2005
0%
654 René van Dieren DM 4 0 (0) 2000-2001
0%
774 Rens van Eijden CB 1 0 (0) 2006-2007
0%
334 Ricardo Kishna LW 43 6 (11) 2013-2015
0%
469 Richard Knopper AM 22 6 (3) 2000-2002
0%
479 Ricky van Haaren CM 21 1 (2) 2009-2012
0%
203 Ridgeciano Haps LB 81 6 (7) 2017-2022
0%
425 Robbert Schilder CB 28 1 (1) 2005-2006, 2007-2009
0%
726 Robbin Ruiter GK 2 0 (0) 2019-2020
0%
464 Robert ST 22 2 (2) 2004-2006
0%
477 Róbert Boženík ST 21 3 (1) 2019-2022
0%
699 Robert Muric RW 2 0 (1) 2015-2016
0%
761 Robert van Boxel CB 1 0 (0) 2002-2003
0%
734 Roly Bonevacia CM 1 0 (0) 2010-2011
0%
229 Romeo Castelen RW 74 20 (16) 2004-2007
0%
739 Ronald Graafland GK 1 0 (0) 2013-2014
0%
560 Roy Beerens RW 11 1 (0) 2005-2007
0%
544 Ruben Ligeon RB 12 0 (2) 2011-2015
0%
124 Ruben Schaken RW 114 15 (23) 2010-2015
0%
695 Saïd Boutahar AM 2 0 (0) 2001-2002
0%
740 Sam Hendriks ST 1 0 (1) 2015-2016
0%
491 Samuel Armenteros ST 19 1 (4) 2013-2014
0%
698 Samuel Kuffour CB 2 0 (0) 2007-2008
0%
731 Sean Steur CM 1 0 (0) 2024-2025
0%
215 Sebastián Pardo AM 77 10 (6) 2002-2007
0%
360 Sebastian Szymański AM 38 10 (7) 2022-2023
0%
772 Sem Valk CB 1 0 (0) 2021-2022
0%
169 Serginho Greene DM 96 2 (5) 2005-2009
0%
604 Sherif Ekramy GK 7 0 (0) 2005-2008
0%
722 Shiloh 't Zand AM 2 0 (0) 2024-2025
0%
551 Shurandy Sambo RB 12 0 (0) 2020-2021, 2023-2024
0%
503 Simon Gustafson CM 17 3 (7) 2015-2017
0%
499 Sivert Mannsverk DM 18 0 (1) 2023-2025
0%
495 Slobodan Rajković CB 18 0 (0) 2007-2008
0%
596 Somália ST 8 1 (0) 2000-2001
0%
639 Stanley Aborah CM 5 0 (0) 2004-2005
0%
571 Stefan Babovic AM 10 1 (0) 2009-2010
0%
398 Stefano Denswil CB 31 2 (1) 2012-2015
0%
782 Stefano Marzo RB 1 0 (0) 2011-2012
0%
407 Stein Huysegems ST 30 7 (0) 2006-2007
0%
690 Stéphano Carrillo ST 3 0 (0) 2024-2025
0%
322 Stijn Schaars DM 47 0 (5) 2013-2016
0%
374 Stijn Wuytens CB 36 2 (2) 2008-2012
0%
742 Suently Alberto CB 1 0 (0) 2014-2015
0%
661 Teemu Tainio DM 4 0 (0) 2010-2011
0%
746 Thimothée Atouba LB 1 0 (0) 2009-2010
0%
168 Thomas Buffel RW 96 36 (17) 2002-2005
0%
574 Thomas van den Belt DM 10 0 (0) 2023-2024
0%
423 Timo Baumgartl CB 28 2 (0) 2019-2021
0%
206 Timothy Derijck CB 80 5 (0) 2005-2006, 2008-2009, 2011-2013
0%
408 Tim Vincken RW 30 1 (1) 2004-2007
0%
462 Tininho LM 22 0 (0) 2000-2001
0%
470 Tobias Sana LW 22 4 (2) 2012-2014
0%
702 Tomasz Iwan RM 2 0 (0) 2000-2001
0%
207 Tomasz Rzasa LB 80 0 (2) 2000-2003
0%
484 Tom Soetaers LW 20 4 (2) 2003-2004
0%
681 Tom van der Leegte DM 3 0 (0) 2007-2008
0%
554 Tristan Gooijer RB 12 0 (1) 2023-2024
0%
585 Tygo Land CM 9 0 (1) 2023-2025
0%
433 Ulrich van Gobbel RB 28 0 (0) 2000-2002
0%
443 Uros Spajic CB 25 0 (0) 2020-2021
0%
307 Victor Sikora RW 50 7 (8) 2002-2004
0%
212 Wamberto RW 78 15 (14) 2000-2004
0%
333 Wesley Sonck ST 43 15 (5) 2003-2005
0%
401 Wesley Verhoek RW 31 1 (4) 2012-2014
0%
700 Wessel Dammers CB 2 0 (0) 2014-2015, 2016-2017
0%
727 Wessel Kuhn CB 2 0 (0) 2024-2025
0%
745 Wouter Artz LB 1 0 (0) 2004-2005
0%
581 Wouter Burger DM 9 0 (0) 2018-2022
0%
580 Xiang Sun LB 9 0 (0) 2006-2007
0%
472 Yassin Ayoub CM 21 2 (3) 2018-2020
0%
651 Yaya Sanogo ST 4 0 (0) 2015-2016
0%
590 Youssouf Hersi RW 8 0 (0) 2000-2001
0%
679 Yves Lenaerts GK 3 0 (0) 2002-2003
0%
708 Zakaria Aboukhlal RW 2 0 (0) 2018-2020
0%
765 Zbigniew Malkowski GK 1 0 (0) 2004-2005
0%
171 Zdenek Grygera RB 96 9 (0) 2003-2007
0%
632 Zepiqueno Redmond ST 6 0 (0) 2024-2025
0%
No matching quizzes found
Score Distribution
Percent of People with Each Score
Percentile by Number Answered
Your Score History
You have not taken this quiz since the last reset